00780nam a2200205 a 450000100100000000500170001000800410002704000250006808200170009310000290011024501360013926000420027530000210031753400300033870000250036870000340039304900090042795201210043699900170055700002435220200930022933.0110126s1980 mx r 000 0 spa d aDO-SdBNPbspacBNPHU axxxxxbS699r1 aSontag, Frederick94994413aLa revolución y la religión en la vida del pueblo americano /cFrederick Sontag , John K. Roth ; traducción Ma. Elisa Moreno. aMéxico, D. F. :bN.O.E.M.A.,c1980. a156 p. ;c21 cm. aGod and amerca´s future.1 aK. Roth, John9499451 aMoreno, Ma. Elisa,etr.96202 aBNGR 001054708MOaGRbGRcCTd2011-01-26iLF1l0oxxxxx S699rp24352-10r2020-06-25w2020-06-25y4ZPréstamo en sala c23845d23845